Vincitori Eurovision - Statistics

Statistiche generali
  • Questo quiz è stato fatto 120 volte
    31 dall'ultimo reset
  • Il punteggio medio è 12 su 28
Answers on the Grid
Answers color-coded by a green-red scale on the quiz's grid according to % correct below.
Albania
Serbia e Montenegro (Non più esistente)
Svezia
Portogallo
Belgio
Georgia
Monaco
Croazia
Marocco
Cipro
Russia
Azerbaijan
San Marino
Lussemburgo
Grecia
Italia
Israele
Armenia
Austria
Romania
Macedonia
Spagna
Francia
Bosnia e Erzegovina
Norvegia
Malta
Slovenia
Slovacchia
Islanda
Cechia
Bielorussia
Ungheria
Bulgaria
Australia
Turchia
Ucraina
Serbia
Estonia
Finlandia
Paesi Bassi
Regno Unito
Polonia
Jugoslavia (Non più esistente)
Irlanda
Andorra
Montenegro
Moldavia
Lettonia
Lituania
Svizzera
Germania
Danimarca
 
Statistiche sulle risposte
Risposta % Corretto
Italia
83%
Austria
61%
Svezia
61%
Bulgaria
56%
Paesi Bassi
56%
Regno Unito
56%
Francia
50%
Germania
50%
Irlanda
50%
Svizzera
50%
Grecia
44%
Lussemburgo
44%
Norvegia
44%
Russia
44%
Spagna
44%
Ucraina
44%
Danimarca
39%
Finlandia
39%
Israele
39%
Portogallo
39%
Serbia
39%
Azerbaijan
33%
Belgio
33%
Jugoslavia (Non più esistente)
33%
Estonia
28%
Lettonia
28%
Turchia
28%
Monaco
22%
Nessun quiz corrispondente trovato
Distribuzione punteggi
Percentuale di utenti per punteggio
Percentile per numero di risposta
I tuoi punteggi nel tempo
Non hai fatto questo quiz dall'ultimo reset